Carregant...

New Product Pklanning

Dades bibliogràfiques
Autor principal: Kenneth B. Kahn
Format: Printed Book
Publicat: New Delhi Response Books 2001
Matèries:
LEADER 00498nam a22001457a 4500
020 |a 81-7829-026-X 
082 |a 658.503  |b KAH/N 
100 |a Kenneth B. Kahn  |9 177075 
245 |a New Product Pklanning  
260 |a New Delhi  |b Response Books  |c 2001 
300 |a viii+254p. 
650 |a New Product Pklanning   |9 177076 
942 |c BK 
999 |c 190948  |d 190944 
952 |0 0  |1 0  |4 0  |6 658_503000000000000_KAH_N  |7 0  |8 NFIC  |9 191581  |a SMBS  |b SMBS  |c GEN  |d 2015-08-17  |g 280.00  |l 0  |o 658.503 KAH/N  |p SMBS966  |r 2015-08-17  |w 2015-08-17  |y BK